000 00315nam a22001337a 4500
008 170829b xxu||||| |||| 00| 0 eng d
020 _a9780813810881
041 _aeng
080 _25 ED
_a070
100 _a39
101 _aMED
245 _aGROPING FOR ETHICS IN JOURNALISM
_cSMITH.R.O
942 _2udc
_cBK
999 _c25406
_d25406